Introduction to International Economics (Record no. 2687)
[ view plain ]
| 000 -LEADER | |
|---|---|
| fixed length control field | 01554cam a22002294a 4500 |
| 005 - ΗΜΕΡΟΜΗΝΙΑ ΚΑΙ ΩΡΑ ΤΕΛΕΥΤΑΙΑΣ ΕΝΗΜΕΡΩΣΗΣ | |
| Πεδίο ελέγχου | 20250605164050.0 |
| 008 - FIXED-LENGTH DATA ELEMENTS--GENERAL INFORMATION | |
| Πεδίο ελέγχου σταθερού μήκους | 250528s ||||||||||||||||||||||||d |
| 035 ## - SYSTEM CONTROL NUMBER | |
| System control number | 17259 |
| 020 ## - ISBN | |
| ISBN | 582277655 |
| 040 ## - ΠΗΓΗ ΚΑΤΑΛΟΓΟΓΡΑΦΗΣΗΣ | |
| Φορέας πρωτότυπης καταλογογράφησης | MC Athens Campus Library |
| Γλώσσα καταλογογράφησης | Ελληνικά, Μοντέρνα (1453-) |
| Modifying agency | MC Athens Campus Library |
| Κανόνες περιγραφικής καταλογογράφησης | AACR2 |
| 245 1# - ΤΙΤΛΟΣ ΚΑΙ ΔΗΛΩΣΗ ΥΠΕΥΘΥΝΟΤΗΤΑΣ | |
| Τίτλος | Introduction to International Economics |
| 250 ## - EDITION STATEMENT | |
| Edition statement | 1st |
| 260 ## - PUBLICATION, DISTRIBUTION, ETC. | |
| Name of publisher, distributor, etc. | Prentice Hall, |
| Date of publication, distribution, etc. | 1996 |
| 300 ## - PHYSICAL DESCRIPTION | |
| Extent | 392 |
| 520 ## - SUMMARY, ETC. | |
| Summary, etc. | This book provides a concise, accessible and business-oriented introduction to the key topics in international trade and international finance. Tables, Figures, The International Business Program, Preface, Introduction: Miscellaneous International Economic Questions: An Illustration Based on a Case Study, The World Economy: Key Data and Central Concepts, The Balance of Payments, International Trade Theory, International Production Factors, Direct Investment and Multinational Enterprises, Trade Policy: a Classic Welfare Theory Analysis, Modern Arguments Relating to Protection, Trade Policy and Market Forms: a Micro-Economics Analysis, The Practice of Protection, Business and Government and Lobbying, The Importance of International Capital Flows, The Exchange Rate Explained, Exchange Rate Effects, International Risks: Forms and Cover, International Monetary Cooperation, The International Monetary System and International Debt and Economic Development, Regional Monetary Integration, Index. |
| 700 1# - ΠΡΟΣΘΕΤΗ ΑΝΑΓΡΑΦΗ--ΦΥΣΙΚΟ ΠΡΟΣΩΠΟ | |
| Personal name | Jager Henk |
| 9 (RLIN) | 3419 |
| 700 1# - ΠΡΟΣΘΕΤΗ ΑΝΑΓΡΑΦΗ--ΦΥΣΙΚΟ ΠΡΟΣΩΠΟ | |
| Personal name | Jepma Catrinus J |
| 9 (RLIN) | 3420 |
| 700 1# - ΠΡΟΣΘΕΤΗ ΑΝΑΓΡΑΦΗ--ΦΥΣΙΚΟ ΠΡΟΣΩΠΟ | |
| Personal name | Kamphuis Elise |
| 9 (RLIN) | 3421 |
| 942 ## - ADDED ENTRY ELEMENTS (KOHA) | |
| Koha item type | Books |
| Τύπος τεκμηρίου | Βιβλιοθήκη | Τρέχουσα τοποθεσία | Barcode | Αριθμός εισαγωγής | Ημερομηνία απόκτησης | Ταξιθετικό σύμβολο | Αριθμός αντιτύπου | Κατάσταση απόσυρσης | Κατάσταση χαμένου | Κατάσταση κατεστραμμένου | Μη δανεισμός | Σύνολο δανεισμών | Ημερομηνία τελευταίας εμφάνισης | Η τιμή ισχύει από |
|---|---|---|---|---|---|---|---|---|---|---|---|---|---|---|
| Books | MC Athens Campus Library | MC Athens Campus Library | 9780000026866 | 9244 | 05/06/2025 | 337 JEP | 2 | 05/06/2025 | 05/06/2025 |